000 00808nam a2200205 i 4500
001 26087
003 ES-MaACL
005 20260115063026.0
007 t|
008 030107s1908 sp ||||1| spa d
100 1 _aAretino, Pietro,
_d1492-1556
_922651
245 1 0 _aComedia de "El herrador" del azote de principes y gran demostrador de vicios y virtudes /
_cPietro Aretino ; ahora por primera vez puesta de la lengua toscana en castellano por Joaquín López Barbadillo.
260 _aMadrid :
_b[s.n.,
_c1908] (
_fTip. de Archivos)
300 _a238 p. ;
_c19 cm.
490 1 _aColección clásica de obras picarescas
700 1 _aLópez Barbadillo, Joaquín.
_973441
830 0 _aColección clásica de obras picarescas
_9187065
852 _aES-MaACL
_jA-3944
999 _c26087
_d26087